01496nam a2200409 i 4500001000700000003000800007005001700015006001900032007001500051008004100066020001800107020002700125035002200152040003100174050002100205080001100226082001200237100002500249245010200274250001900376264004500395300004100440336003100481337003300512338004300545490003000588504002900618588008300647590016200730650001800892650001800910655002700928797001800955830003100973856006301004999001901067109496FINmELB20241217173940.0m o u cr cn|||||||||210830s2020 ag ob 000 0 spa d z9789507864889 a9789876919081 (e-book) a(OCoLC)1280137907 aFINmELBbspaerdacFINmELB14aBD222bN162 2020 a165.4204a1262231 aNajmanovich, Denise.13aEl juego de los vínculos :bsubjetividad y redes : figuras en mutación /cDenise Najmanovich. a2a. edición. 1aBuenos Aires :bEditorial Biblos,c2020. a1 recurso en línea (180 páginas) atextobtxt2rdacontent/spa acomputadorabc2rdamedia/spa arecurso en líneabcr2rdacarrier/spa1 aColección Sin fronteras aContiene bibliografía. aDescripción basada en metadatos suministrados por el editor y otras fuentes. aRecurso electrónico. Santa Fe, Arg.: elibro, 2021. Disponible vía World Wide Web. El acceso puede estar limitado para las bibliotecas afiliadas a elibro. 0aSubjectivity. 4aSubjetividad. 4aLibros electrónicos.2 aelibro, Corp. 0aColección Sin fronteras.40uhttps://elibro.net/ereader/politecnicointernacional/171066 c109496d109496